| 000 | 00454nam a2200193Ia 4500 | ||
|---|---|---|---|
| 003 | OSt | ||
| 005 | 20250823114058.0 | ||
| 008 | 250729s2006 xx 000 0 und d | ||
| 020 | _a9788131300190 | ||
| 040 | _cAL | ||
| 041 | _aeng | ||
| 082 | _a613 RAOS | ||
| 100 |
_aRao V K _9222034 |
||
| 245 | _aSports education | ||
| 260 |
_aNew Delhi _bA P H Publishing _c2006 |
||
| 300 | _a276p | ||
| 650 |
_aPhysicall Education _9222035 |
||
| 942 |
_2ddc _cBED |
||
| 999 |
_c235277 _d235277 |
||